000 00554nam a2200181Ia 4500
005 20250423100141.0
008 250422s9999 xx 000 0 und d
020 _a9780128028414
050 _aHD 61.5 .C36/
100 _aCampbell, George K.
245 0 _aMeasuring and communicating security’s value: a compendium of metrics for enterprise protection
260 _aAmsterdam
260 _bElsevier
260 _c2015
300 _a202 p
650 _a Risk management. Business enterprises--Security measures. Computer security.
942 _cBK
999 _c32432
_d32432